| 000 | | | 04106nmc2a22000003x 450 |
| 001 | | | 28f2fc79-ade5-4e22-8b30-2bf963b63ee8 |
| 005 | | | 20181221183315.0 |
| 100 | ## | $a | 20170622l18441844k l0rusy0189 ca |
| 101 | 0# | $a | rus |
| 102 | ## | $a | RU |
| 200 | 1# | $a | Дело о впуске в ложу министра только членов его семьи и лиц, имеющих на то разрешение |
| | $j | 4 октября 1844 г. |
| 251 | ## | $c | Дело |
| 300 | ## | $a | По Санкт-Петербургской дирекции |
| 300 | ## | $a | Ориг. заголовок дела: Дело о впуске в ложу его светлости господина министра только членов его семейства и тех, которые будут иметь на то надлежащие билеты. 4 октября 1844 г |
| 801 | #0 | $a | RU |
| | $b | РГИА |
| | $c | 20170622 |
| | $g | RCR |
| 801 | #1 | $a | RU |
| | $b | ГлавНИВЦ |
| | $c | 20170622 |
| | $2 | rusmarc |
| 801 | #2 | $a | RU |
| | $b | ПБ им. Б.Н. Ельцина |
| | $c | 20181221 |
| | $g | RCR |
| | $2 | rusmarc |
| 850 | ## | $a | РГИА |
| 852 | ## | $a | РГИА |
| | $e | Федеральное казенное учреждение "Российский государственный исторический архив" (РГИА) |
| | $j | 10023 |
| 937 | ## | $h | РГИА |
| | $d | 12242440 |
| | $a | ASBIBLIO_SCAN |
| 462 | #0 | $1 | 001dd3991dc-24e1-42ec-8838-ca4255420416 |
| | $1 | 2001 |
| | $a | 1746-1850 гг. |
| | $1 | 251 |
| | $c | Опись |
| | $1 | 852 |
| | $j | 1 |
| 461 | #0 | $1 | 0019264ebf8-de62-4f1a-9eb4-9f22098dbbd5 |
| | $1 | 2001 |
| | $a | Дирекция императорских театров МИДв |
| | $1 | 251 |
| | $c | Фонд |
| | $1 | 852 |
| | $j | 497 |
| 215 | ## | $a | 5 л. |
| | $d | 36,5х26 см |
| 371 | ## | $a | Документ не является опубликованным и широко распространяемым |
| 105 | ## | $a | y### |
| 122 | 0# | $a | d |
| 517 | 1# | $a | Дело о впуске в ложу его светлости господина министра только членов его семейства и тех, которые будут иметь на то надлежащие билеты. 4 октября 1844 г |
| 035 | ## | $a | 28f2fc79-ade5-4e22-8b30-2bf963b63ee8 |
| 856 | ## | $u | http://readingroom.main.prlib.ru/item.aspx?id_node=n122177426&mode=full |